BIBLIOTHÈQUE DE LA MAISON DU MEXIQUE

Logo 1 Logo 2

Las cien mejores poesías de la lengua castellana (notice nᵒ 11971)

détails MARC
000 -Sello discográfico
campo de control de longitud fija 00895nam a2200277 4500
005 - Identificación de versión
campo de control 20251016083641.0
035 ## - Otros números de control del sistema
Número de control del sistema 6840
099 ## - fechas locales
Tipo de ítem Koha LIBRO
100 ## - Datos de procesamiento general
Datos de procesamiento general 20041007d1970 m y1spay5003 ba
105 ## - Campo de datos codificados: Material textual, monográfico
Datos codificados de monografía y 001gy
200 1# - Título y mención de responsabilidad
Título propio Las cien mejores poesías de la lengua castellana
Designación general del material texto impreso
Primer mención de responsabilidad Selección y advertencia preliminar Marcelino Menéndez y Pelayo
205 ## - Declaración de edición
Declaración de edición 1a ed
210 ## - Publicación, distribución, etc.
Lugar de publicación, distribución, etc. México
Nombre del editor, distribuidor, etc. Editorial Porrúa
Fecha de publicación, distribución, etc. 1970
215 ## - Descripción física
Designación de material específico y extensión del ítem x, 256 p
Dimensiones 22 cm
345 ## - Nota de información de adquisición
Fuente de adquisición/dirección de la suscripción [OBSOLETO] Donación
410 #1 - Series
Título Colección "Sepan Cuantos ..."
Número de volumen 137
606 ## - Término temático usado como materia
Elemento de entrada Poesía española
Subdivisión temática Antologías
Número Koha 7346
702 ## - Nombre personal - Responsabilidad secundaria
Elemento de entrada Menéndez y Pelayo
Parte del nombre distinta del elemento de entrada Marcelino
Fechas 1856-1912
Número Koha 5258
801 #0 - Fuente de origen
Agencia cm
País FR
Reglas de catalogación (convenciones descriptivas) AFNOR
900 ## -
-- 1/8400
900 ## -
-- 7100420166\071004
942 ## - ELEMENTOS DE ENTRADA SECUNDARIOS (KOHA)
Tipo de ítem Koha Livre
996 ## -
-- MEX
-- 751145101
-- MMAG
-- 002960
-- 080 S479 V.137
-- 20120704LIV
Exemplaires
Estatus retirado Estado de daño Estado de pérdida Fecha de adquisición Biblioteca de origen Biblioteca actual Ubicación en estantería Código de barras Precio de reemplazo Signatura topográfica completa No para préstamo Tipo de ítem Koha Nota pública Nota no pública
      05/08/2025 Casa México Paris Casa México Paris   002960 05/08/2025 080 S479 V.137   Livre 20120704LIV 751145101